|
|
|
|
| LEADER |
00000nam a2200000 a 4500 |
| 001 |
vtls001435897 |
| 003 |
SK-MaSNL |
| 005 |
20260301121051.0 |
| 008 |
240314s2002 xo 0 und |
| 035 |
|
|
|a SNK000390988
|
| 040 |
|
|
|a SNK
|b slo
|c SNK
|e AACR2
|
| 044 |
|
|
|a xo
|c SK
|
| 100 |
1 |
|
|a Swoboda
|c Robert
|4 aut
|9 464627
|
| 245 |
1 |
0 |
|a Tetrafydronaftalénamíny, spôsob ich prípravy, farmaceutické prostriedky, ktoré ich obsahujú, a ich použitie ako liečiv. C07C 217/54
|
| 260 |
|
|
|a Banská Bystrica
|b Úrad priemyselného vlastníctva SR
|c 2002
|
| 300 |
|
|
|a 5 s.
|
| 999 |
|
|
|c 728039
|d 729969
|
| 952 |
|
|
|t P60, <04>, [BOOK], {604}
|a SNK
|b SNK
|y VYP
|7 0
|p 17A0347124
|o snkSK 282022
|i snkPS 341/2002
|0 0
|1 0
|4 0
|d 2002-06-10
|l 0
|r 2005-01-02 00:00:00
|w 2026-02-23
|